008290000a22003010004500082002200000518001300022530000900035100001900044245007800063260002100141502005200162260000900214041000800223300001600231500002700247650002400274650002600298650001200324650001300336650000900349650001500358650001000373651001000383650002700393942000800420999001700428952008200445 a624.151bB295ecD a20020224 aThes aBasnet, Shashi aEngineering geological study of Mahankal Ban Sundarijal, Kathmandu, Nepal aKathmandu, Nepal aThesisbPh. D. in Geology, Tribhuvan University c2001 aEng a67p.billus aBibliography: p. 65-67 aEngineering geology aGeological structures aGeology aDrainage aSoil aTopography aRocks aNepal aGeological engineering cGEN c25720d25720 00104070aTUCLbTUCLd2010-06-20l0pD7366r2010-06-20 00:00:00w2010-06-20